Impact of red light camera enforcement on crash experience / (Record no. 529763)

000 -LEADER
fixed length control field 02195cam a22004697a 4500
001 - CONTROL NUMBER
control field 13060993
003 - CONTROL NUMBER IDENTIFIER
control field NUST
005 - DATE AND TIME OF LATEST TRANSACTION
control field 20191003100148.0
008 - FIXED-LENGTH DATA ELEMENTS--GENERAL INFORMATION
fixed length control field 030117s2003 dcuak b 000 0 eng d
010 ## - LIBRARY OF CONGRESS CONTROL NUMBER
LC control number 2003100792
020 ## - INTERNATIONAL STANDARD BOOK NUMBER
International Standard Book Number 0309069556
035 ## - SYSTEM CONTROL NUMBER
System control number (DLC)13060993
038 ## - RECORD CONTENT LICENSOR
Staff Name MSOHAIL
040 ## - CATALOGING SOURCE
Original cataloging agency TRL
Transcribing agency TRL
Modifying agency CBT
-- DLC
042 ## - AUTHENTICATION CODE
Authentication code lccopycat
043 ## - GEOGRAPHIC AREA CODE
Geographic area code n-us---
050 00 - LIBRARY OF CONGRESS CALL NUMBER
Classification number TE228
Item number .M36 2003
082 00 - DEWEY DECIMAL CLASSIFICATION NUMBER
Classification number 363.1257
Edition number 22
100 1# - MAIN ENTRY--PERSONAL NAME
Personal name McGee, Hugh W.
9 (RLIN) 21777
245 10 - TITLE STATEMENT
Title Impact of red light camera enforcement on crash experience /
Statement of responsibility, etc. Consultants: Hugh W. McGee and Kimberly A. Eccles.
260 ## - PUBLICATION, DISTRIBUTION, ETC.
Place of publication, distribution, etc. Washington, D.C. :
Name of publisher, distributor, etc. National Academy Press,
Date of publication, distribution, etc. 2003.
300 ## - PHYSICAL DESCRIPTION
Extent 57 p. :
Other physical details charts, forms ;
Dimensions 28 cm.
440 #0 - SERIES STATEMENT/ADDED ENTRY--TITLE
Title Synthesis of highway practice,
International Standard Serial Number 0547-5570 ;
Volume/sequential designation 310
9 (RLIN) 22509
500 ## - GENERAL NOTE
General note At head of title: National Cooperative Highway Research Program.
500 ## - GENERAL NOTE
General note "Research sponsored by the American Association of State Highway and Transportation Officials in cooperation with the Federal Highway Administration."
500 ## - GENERAL NOTE
General note "Transportation Research Board, National Research Council."
504 ## - BIBLIOGRAPHY, ETC. NOTE
Bibliography, etc. note Includes bibliographical references (p. 41-43).
650 #0 - SUBJECT ADDED ENTRY--TOPICAL TERM
Topical term or geographic name entry element Electronic traffic controls
Geographic subdivision United States.
9 (RLIN) 22510
650 #0 - SUBJECT ADDED ENTRY--TOPICAL TERM
Topical term or geographic name entry element Traffic cameras
Geographic subdivision United States.
9 (RLIN) 22511
650 #0 - SUBJECT ADDED ENTRY--TOPICAL TERM
Topical term or geographic name entry element Traffic safety
Geographic subdivision United States.
9 (RLIN) 20010
650 #0 - SUBJECT ADDED ENTRY--TOPICAL TERM
Topical term or geographic name entry element Photography in traffic engineering.
9 (RLIN) 22512
650 #0 - SUBJECT ADDED ENTRY--TOPICAL TERM
Topical term or geographic name entry element Legal photography
Geographic subdivision United States.
9 (RLIN) 22513
700 1# - ADDED ENTRY--PERSONAL NAME
Personal name Eccles, Kimberly A.
9 (RLIN) 22514
710 2# - ADDED ENTRY--CORPORATE NAME
Corporate name or jurisdiction name as entry element National Cooperative Highway Research Program.
9 (RLIN) 20864
710 2# - ADDED ENTRY--CORPORATE NAME
Corporate name or jurisdiction name as entry element American Association of State Highway and Transportation Officials.
9 (RLIN) 19553
710 1# - ADDED ENTRY--CORPORATE NAME
Corporate name or jurisdiction name as entry element United States.
Subordinate unit Federal Highway Administration.
9 (RLIN) 20149
710 2# - ADDED ENTRY--CORPORATE NAME
Corporate name or jurisdiction name as entry element National Research Council (U.S.).
Subordinate unit Transportation Research Board.
9 (RLIN) 22515
906 ## - LOCAL DATA ELEMENT F, LDF (RLIN)
a 7
b cbc
c copycat
d 3
e ncip
f 20
g y-gencatlg
942 ## - ADDED ENTRY ELEMENTS (KOHA)
Source of classification or shelving scheme
Koha item type Book
Holdings
Withdrawn status Lost status Source of classification or shelving scheme Damaged status Not for loan Permanent Location Current Location Date acquired Total Checkouts Full call number Barcode Date last seen Price effective from Koha item type
          School of Civil and Environmental Engineering (SCEE) School of Civil and Environmental Engineering (SCEE) 10/03/2019   363.1257 NIT-11120 10/03/2019 10/03/2019 Book
© 2023 Central Library, National University of Sciences and Technology. All Rights Reserved.